General report [for the Coal Mines Committee] (Record no. 36660)

MARC details
000 -LEADER
fixed length control field 00830cam a22002411 4500
001 - CONTROL NUMBER
control field l 49000117
003 - CONTROL NUMBER IDENTIFIER
control field DLC
005 - DATE AND TIME OF LATEST TRANSACTION
control field 20260227111541.0
008 - FIXED-LENGTH DATA ELEMENTS--GENERAL INFORMATION
fixed length control field 760713s1949 xx 000 0 eng c
010 ## - LIBRARY OF CONGRESS CONTROL NUMBER
LC control number l 49000117
035 ## - SYSTEM CONTROL NUMBER
System control number (OCoLC)2309905
040 ## - CATALOGING SOURCE
Original cataloging agency U.S. Dept. of Labor
Transcribing agency OU
Modifying agency AU
-- DLC
042 ## - AUTHENTICATION CODE
Authentication code premarc
050 00 - LIBRARY OF CONGRESS CALL NUMBER
Classification number HD8039.M615
Item number I47 1949
110 2# - MAIN ENTRY--CORPORATE NAME
Corporate name or jurisdiction name as entry element International Labour Office
245 10 - TITLE STATEMENT
Title General report [for the Coal Mines Committee]
Remainder of title First item on the agenda.
260 ## - PUBLICATION, DISTRIBUTION, ETC.
Place of publication, distribution, etc. Geneva,
Date of publication, distribution, etc. 1949.
300 ## - PHYSICAL DESCRIPTION
Extent vi, 211 p.
Other physical details fold. map.
Dimensions 24 cm.
500 ## - GENERAL NOTE
General note At head of title: Report 1. International Labour Organisation Coal Mines Committee. 3d sess., Pittsburgh, 1949.
650 #0 - SUBJECT ADDED ENTRY--TOPICAL TERM
Topical term or geographic name entry element Coal mines and mining
650 #0 - SUBJECT ADDED ENTRY--TOPICAL TERM
Topical term or geographic name entry element Coal miners.
710 2# - ADDED ENTRY--CORPORATE NAME
Corporate name or jurisdiction name as entry element International Labour Organisation.
Subordinate unit Coal Mines Committee.

No items available.

Powered by Koha